Vegetable crops (Record no. 15456)
[ view plain ]
| 000 -LEADER | |
|---|---|
| fixed length control field | 00296nam a22001217a 4500 |
| 020 ## - INTERNATIONAL STANDARD BOOK NUMBER | |
| ISBN | 9788189422417 |
| 082 ## - DEWEY DECIMAL CLASSIFICATION NUMBER | |
| Classification number | 635 |
| Item number | GOP/HO |
| 100 ## - MAIN ENTRY--AUTHOR NAME | |
| Personal name | Gopalakrishnan, T R |
| 245 ## - TITLE STATEMENT | |
| Title | Vegetable crops |
| 260 ## - PUBLICATION, DISTRIBUTION, ETC. (IMPRINT) | |
| Place of publication | New delhi ; |
| Name of publisher | New india publishing Agency , |
| Year of publication | 2007 . |
| 300 ## - PHYSICAL DESCRIPTION | |
| Number of Pages | 343 p. |
| 942 ## - ADDED ENTRY ELEMENTS (KOHA) | |
| Koha item type | Books |
| Withdrawn status | Lost status | Damaged status | Home library | Current library | Date acquired | Full call number | Accession Number | Koha item type |
|---|---|---|---|---|---|---|---|---|
| KAUAET | KAUAET | 21/06/2018 | 635 GOP/HO | 25471 | Books | |||
| KAUAET | KAUAET | 21/06/2018 | 635 GOP/HO | 25472 | Books |
